| 000 | 00852nam a2200253Ia 4500 | ||
|---|---|---|---|
| 005 | 20240530111000.0 | ||
| 008 | 140319s2007 xx 000 0 ara d | ||
| 020 | _a9774271637 | ||
| 040 |
_aGCL / _cGCL |
||
| 082 | 0 | 4 |
_a370.7 / _bش ق _2الاولى |
| 100 | 1 | _aشبل بدران | |
| 245 | 1 | 0 |
_aقضايا تربوية ومجتمعية / _cشبل بدران |
| 250 | _aالاولى | ||
| 260 |
_aالقاهرة : _bالدار المصرية اللبنانية، _c2007 |
||
| 300 |
_a239 ص ؛ _c24 سم |
||
| 650 | 0 | 4 | _aالتعليم |
| 650 | 0 | 4 | _aالتخطيط التربوى |
| 650 | 0 | 4 | _aالتعليم العالى |
| 650 | 0 | 4 | _aالتعليم - طرق القياس |
| 650 | 0 | 4 | _aالمناهج - تخطيط |
| 650 | 0 | 4 | _aالسياسة التعليمية |
| 942 |
_2ddc _cBK |
||
| 999 |
_c67164 _d67164 |
||